[Event "Washington Class Championships"]
[Site "Lynnwood, WA"]
[Date "2013.11.30"]
[Round "4"]
[White "Zhang Cheyenne  (WA)"]
[Black "Haining Breck  (WA)"]
[Result "0-1"]
[WhiteElo "1288"]
[BlackElo "1414"]
[Annotator ""]
[Source ""]
[Remark "D"]

1.c4 g6 2.Nc3 Bg7 3.g3 Nf6 4.Bg2 c6 5.e3 O-O 6.Nge2 d5 7.cxd5
cxd5 8.O-O Nbd7 9.Nxd5 Nxd5 10.Bxd5 Ne5 11.Bg2 Rb8 12.d4 Ng4
13.b3 e5 14.Bb2 Re8 15.dxe5 Qxd1 16.Rfxd1 Nxe5 17.f4 Nf3+ 18.Bxf3
Bxb2 19.Rab1 Bg7 20.Kf2 Bf5 21.Rbc1 b6 22.Rc7 a5 23.Bd5 Be6 24.Bxe6
Rxe6 25.Rdd7 Rf8 26.Nd4 Bxd4 27.exd4 Ree8 28.Rb7 Rb8 29.Rxb8
Rxb8 30.Ke3 Kf8 31.d5 Ke8 32.Rc7 b5 33.Rc5 Kd7 34.a4 bxa4 35.bxa4
Rb3+ 36.Kd4 Rb4+ 37.Kc3 Rxa4 38.Kb3 Ra1 39.Kc4 a4 40.Ra5 a3 41.Kb3
a2 42.Rxa2 Rxa2 43.Kxa2 Kd6 44.Kb3 Kxd5 45.Kc3 Ke4 46.Kc4 f5
47.Kc3 h5 48.Kd2 Kf3 49.Ke1 h4 50.Kf1 hxg3 51.h4 Kxf4 52.Kg2
Kg4 53.Kg1 Kxh4 54.Kg2 f4 55.Kf3 Kh3 56.Kxf4 g2 57.Kf3 g1Q 58.Ke4
Qc5 59.Kf4 g5+ 60.Kf3 g4+ 61.Kf4 g3 62.Kf3 g2 63.Kf4 g1Q 64.Ke4
Qcd4+ 65.Kf3 Qde3# 0-1

[Event "Washington Class Championships"]
[Site "Lynnwood, WA"]
[Date "2013.11.30"]
[Round "4"]
[White "Popescu Alexander  (WA)"]
[Black "Whitmer Catherine  (WA)"]
[Result "1-0"]
[WhiteElo "763"]
[BlackElo "734"]
[Annotator ""]
[Source ""]
[Remark "E"]

1.e4 e5 2.Nf3 Nc6 3.Bc4 Nf6 4.d3 Bb4+ 5.c3 Be7 6.Bd5 O-O 7.Bxc6
bxc6 8.Nxe5 c5 9.Be3 d6 10.Nc6 Qd7 11.Nxe7+ Qxe7 12.O-O Rb8 13.b3
Bg4 14.f3 Bd7 15.Nd2 d5 16.Bg5 Qe5 17.Bxf6 Qxf6 18.Qc2 d4 19.c4
Qg6 20.Rae1 Bh3 21.Re2 Rbe8 22.Rff2 Re5 23.f4 Rh5 24.Kh1 Bf5
25.exf5 Qg3 26.h3 g5 27.Ne4 Qg4 28.Nf6+ Kh8 29.Nxg4 Rg8 30.Nf6
Rh4 31.Nxg8 Kxg8 32.f6 h5 33.fxg5 Kh7 34.g3 Rxh3+ 35.Kg2 Kg6
36.Qd2 Rxg3+ 37.Kxg3 c6 38.Re8 a5 39.Rg8+ Kh7 40.Qe2 Kxg8 41.Qe8+
Kh7 42.Qf8 a4 43.Qg7# 1-0

[Event "Washington Class Championships"]
[Site "Lynnwood, WA"]
[Date "2013.11.30"]
[Round "4"]
[White "Herbst Augustus  (WA)"]
[Black "Buntaran Alexius  (WA)"]
[Result "1/2-1/2"]
[WhiteElo "874"]
[BlackElo "1023"]
[Annotator ""]
[Source ""]
[Remark "E"]

1.e4 e5 2.Nf3 Nc6 3.Bb5 Nf6 4.Nc3 Bb4 5.O-O d6 6.Bxc6+ bxc6 7.d3
h6 8.h3 O-O 9.a3 Bxc3 10.bxc3 ( 10.bxc3 c5 11.Rb1 c4 12.Re1 cxd3
13.cxd3 Re8 14.Be3 Be6 15.c4 Nd7 16.Qd2 c5 17.Rb2 Rb8 18.Reb1
Rb6 19.Rxb6 axb6 {1/2-1/2, Pfleger Helmut Dr (GER) 2540 - Gligoric Svetozar (SCG) 2575, Manila (Philippines) 1975}
) Nh5 11.Be3 Nf4 12.Bxf4 exf4 13.d4 Be6 14.Re1 Qf6 15.e5 Qg6
16.Nh4 Qg5 17.Nf3 Qd8 18.Qd2 Qd7 19.Kh2 Rad8 20.Rad1 Bd5 21.Qxf4
Bxf3 22.Qxf3 Rfe8 23.exd6 cxd6 24.Rxe8+ Rxe8 25.Qg4 Qxg4 26.hxg4
Re2 27.f4 Rxc2 28.Rd3 Re2 29.Kg3 f6 30.c4 Kf7 31.Kf3 Re7 32.d5
c5 33.Re3 Rxe3+ 34.Kxe3 Ke7 35.Ke4 g6 36.g5 f5+ 37.Kf3 h5 38.g3
Kd7 39.Ke3 Kc7 40.Kd3 a5 41.Kc3 a4 1/2-1/2

[Event "Washington Class Championships"]
[Site "Lynnwood, WA"]
[Date "2013.11.30"]
[Round "4"]
[White "Mathews Dan  (WA)"]
[Black "Wilson Diallo  (WA)"]
[Result "1-0"]
[WhiteElo "1752"]
[BlackElo "1730"]
[Annotator ""]
[Source ""]
[Remark "B"]

1.e4 e6 2.d4 d5 3.exd5 exd5 4.Nf3 Bd6 5.Bd3 Nf6 6.Qe2+ Be7 7.Ne5
Nbd7 8.Bb5 O-O 9.O-O Nxe5 10.dxe5 Ne4 11.Bd3 f5 12.f3 Nc5 13.f4
Ne4 14.c3 b6 15.Be3 Bb7 16.Nd2 c5 17.Nf3 h6 18.Rad1 Qe8 19.Bc1
Kh8 20.Kh1 Qh5 21.Bxe4 fxe4 22.Ng1 Qxe2 23.Nxe2 Rad8 24.Be3 Ba6
25.Rfe1 g5 26.g3 Kh7 27.Rd2 Bd3 28.Rf1 Rd7 29.Kg2 b5 30.Rfd1
b4 31.Rf1 d4 32.cxd4 Bxe2 33.Rxe2 cxd4 34.Bg1 e3 35.f5 Bd8 36.e6
Rc7 37.g4 Bf6 38.Rd1 Kg7 39.h3 Be5 40.Kf3 Kf6 41.Ke4 a5 42.Bh2
Bxh2 43.Rxh2 h5 44.h4 gxh4 45.g5+ Kxg5 46.Rg1+ Kf6 47.Rg6+ Ke7
48.Rg7+ Kd6 49.Rxc7 Kxc7 50.Kxd4 Kd6 51.Rxh4 e2 52.Re4 1-0

[Event "Washington Class Championships"]
[Site "Lynnwood, WA"]
[Date "2013.12.01"]
[Round "6"]
[White "Roper David  (WA)"]
[Black "Sinanan Joshua  (WA)"]
[Result "0-1"]
[WhiteElo "2228"]
[BlackElo "2244"]
[Annotator ""]
[Source ""]
[Remark "Master"]

1.e4 Nf6 2.e5 Nd5 3.c4 Nb6 4.c5 Nd5 5.d4 d6 6.cxd6 cxd6 7.Nf3
e6 8.a3 Bd7 9.Bd3 Bc6 10.O-O Nd7 11.Nbd2 Nf4 12.Bc2 dxe5 13.Ne4
Ng6 ( 13...Ng6 14.Bg5 Qc7 15.Re1 h6 16.dxe5 Ngxe5 17.Nxe5 hxg5
18.Nxc6 Qxh2+ 19.Kf1 bxc6 20.Ng3 Rd8 21.Qf3 Rh6 22.Qxc6 Rf6 23.Ne4
Rh6 24.Rad1 Qh1+ 25.Ke2 Qh5+ 26.f3 e5 27.Qc7 g4 28.Ba4 gxf3+
29.gxf3 Qf5 30.Rxd7 Rh2+ 31.Nf2 Rxd7 32.Rd1 {1-0, Rastenis Gediminas (LTU) 2333 - Chukaev E (RUS) 2245, Kaunas (Lithuania) 1976}
) 14.Bg5 Qb8 15.h4 h6 16.h5 hxg5 17.hxg6 f6 18.Re1 g4 19.Nfg5
exd4 20.Nxf6+ Nxf6 21.Rxe6+ Be7 22.Rxe7+ Kxe7 23.Qe1+ Ne4 24.g3
Qe5 25.Nxe4 Bxe4 26.Bxe4 Kf6 27.Qb1 Rae8 28.Bxb7 Rb8 29.Bg2 Qf5
30.Qe1 Rxb2 31.Rc1 Rc8 32.Rxc8 Qxc8 33.Qe4 Qc1+ 34.Kh2 Qh6+ 35.Kg1
Qc1+ 36.Kh2 Qd2 37.Qc6+ Kg5 38.Qd5+ Kh6 39.Qd8 Qxf2 0-1

[Event "Washington Class Championships"]
[Site "Lynnwood, WA"]
[Date "2013.11.29"]
[Round "2"]
[White "Sinanan Joshua  (WA)"]
[Black "Golub David  (WA)"]
[Result "1-0"]
[WhiteElo "2244"]
[BlackElo "2244"]
[Annotator ""]
[Source ""]
[Remark "Master"]

1.Nf3 e6 2.g3 d5 3.Bg2 g6 4.O-O Bg7 5.d4 Ne7 6.b3 O-O
( 6...Nf5 7.c3 O-O 8.Qc2 Nd6 9.Ba3 Re8 10.e3 Nd7 11.Rd1 f5 12.Nbd2
Nf7 13.Bb2 b6 14.a4 a5 15.b4 c6 16.bxa5 Rxa5 17.c4 Ra7 18.Bf1
Ba6 19.cxd5 cxd5 20.Bxa6 Rxa6 21.Rdc1 Qa8 22.Qb3 Ra7 23.Nb1 Nd6
24.Nc3 Rc8 25.Nb5 Nxb5 26.axb5 Rxc1+ 27.Rxc1 Bf6 28.Rc6 Kf7 29.Qc2
Qb7 30.h4 h6 31.Ne1 Nb8 32.Rc8 Be7 33.Nd3 Bd6 34.Ne5+ Kg7 35.Re8
Kf6 36.h5 gxh5 37.Qe2 Kg7 38.Qxh5 Nd7 39.Rh8 {1-0, Bogza Adina-Maria (ROM) 2314 - Zaiatz Elena (RUS) 2317, Warsaw (Poland) 2001}
) 7.Bb2 c5 8.e3 Nbc6 9.Qe2 cxd4 10.Nxd4 Qb6 11.Rd1 e5 12.Nxc6
bxc6 13.c4 Ba6 14.Nd2 Rad8 15.Rac1 Rfe8 16.Qe1 d4 17.Ne4 Nc8
18.Ba3 dxe3 19.Qxe3 f5 20.Nc5 e4 21.Bf1 Bf6 22.b4 Nd6 23.Nxa6
Qxa6 24.b5 1-0

[Event "Washington Class Championships"]
[Site "Lynnwood, WA"]
[Date "2013.12.01"]
[Round "5"]
[White "Sinanan Joshua  (WA)"]
[Black "Szabo Marcell  (WA)"]
[Result "1/2-1/2"]
[WhiteElo "2256"]
[BlackElo "2086"]
[Annotator ""]
[Source ""]
[Remark "Master"]

1.d4 Nf6 2.c4 g6 3.g3 Bg7 4.Bg2 d6 5.Nc3 O-O 6.Nf3 c5 7.d5 e6
8.O-O exd5 9.cxd5 Na6 10.Nd2 Nc7 11.a4 b6 12.Qb3 Ba6 13.Nb5 Bxb5
( 13...Bxb5 14.axb5 Qe8 15.Qc4 Nxb5 16.Nb3 Nc7 17.Bf4 Qd7 18.Rfd1
Nh5 19.Bc1 a5 20.e4 a4 21.Nd2 b5 22.Qc2 Na6 23.Ra3 c4 24.Bf1
Nc5 25.Re3 Rfe8 26.Nf3 Nf6 27.Rde1 Ng4 28.R3e2 Nd3 29.Rd1 f5
30.Bh3 h6 31.Ne1 fxe4 32.f3 exf3 33.Rxe8+ Rxe8 34.Nxd3 cxd3 35.Qxd3
Qa7+ {0-1, Tutush Dusan - Pelts Peter (USA) 2285, Chicago (USA) 1994} )
14.axb5 Qd7 15.Nc4 Nxb5 16.Bf4 h6 17.h4 Rfe8 18.Qd3 Nh5 19.Bd2
f5 20.e4 Nf6 21.exf5 Qxf5 22.Qxf5 gxf5 23.Bf4 Rad8 24.Rfe1 Bf8
25.Rxe8 Rxe8 26.Kf1 Kf7 27.Bf3 Kg6 28.Ne3 Nd4 29.h5+ Nxh5 30.Bxh5+
Kxh5 31.Rxa7 Rd8 32.Ng2 Kg4 33.Be3 Kf3 34.Bxd4 cxd4 35.Nf4 Rc8
36.Ra3+ Ke4 37.Rb3 h5 38.f3+ Ke5 39.Nxh5 Kxd5 40.Nf4+ Kc4 41.Rxb6
Bh6 42.Ne2 d3 43.Nc3 Bd2 44.Nb5 Bb4 45.Nxd6+ Bxd6 46.Rxd6 Rb8
47.Kf2 f4 48.gxf4 Rxb2+ 49.Ke1 Rb1+ 50.Kd2 Rb2+ 51.Kd1 Rf2 52.f5
Rxf3 53.f6 Kc5 54.Ra6 1/2-1/2

[Event "Washington Class Championships"]
[Site "Lynnwood, WA"]
[Date "2013.11.30"]
[Round "3"]
[White "Tiglon Bryce  (WA)"]
[Black "Sinanan Joshua  (WA)"]
[Result "1-0"]
[WhiteElo "2199"]
[BlackElo "2256"]
[Annotator ""]
[Source ""]
[Remark "Master"]

1.e4 c5 2.Nf3 e6 3.d4 cxd4 4.Nxd4 a6 5.Bd3 Bc5 6.Nb3 Be7 7.O-O
d6 8.f4 Nc6 9.Be3 Nf6 10.c4 O-O ( 10...b6 11.Nd4 Bb7 12.Nc3 O-O
13.Rc1 Rc8 14.b3 Nd7 15.f5 Nxd4 16.Bxd4 Bf6 17.Bb1 b5 18.cxb5
axb5 19.Kh1 Bg5 20.Rc2 Qa5 21.Qg4 Bf6 22.fxe6 Bxd4 23.exd7 Rxc3
24.Re2 Qc7 {0-1, Carruana Fuentes Rafael (ESP) 2055 - Almagro Mazariegos Sebastian (ESP) 2294, Mancha (Spain) 2002}
) 11.Nc3 Nb4 12.Be2 a5 13.Nd4 Na6 14.Qc2 e5 15.Ndb5 exf4 16.Bxf4
Be6 17.Rad1 Qb6+ 18.Kh1 Rfd8 19.b3 Nc5 20.Bf3 Rac8 21.Be3 Qa6
22.Rd2 Nfd7 23.Rfd1 Ne5 24.Bf4 Qb6 25.Rd5 Bf8 26.R5d2 Be7 27.Nd4
g6 28.h3 Bf6 29.Ndb5 Be7 30.Nd5 Bxd5 31.Rxd5 Ne6 32.Bh2 a4 33.Bg1
Qa6 34.Be3 axb3 35.axb3 Ra8 36.Nc3 Rdc8 37.Be2 Qc6 38.Nb5 Rd8
39.Qb2 h5 40.c5 Nxc5 41.Bxc5 1-0

[Event "Washington Class Championships"]
[Site "Lynnwood, WA"]
[Date "2013.11.30"]
[Round "3"]
[White "Piper August  (WA)"]
[Black "Brown Fred  (WA)"]
[Result "1/2-1/2"]
[WhiteElo "1500"]
[BlackElo "1560"]
[Annotator ""]
[Source ""]
[Remark "C"]

1.Nf3 d5 2.c4 Nc6 3.cxd5 Qxd5 4.g3 Bf5 5.d3 O-O-O 6.Bg2 e5 7.Nc3
Bb4 8.O-O Bxc3 9.bxc3 Qd7 10.Qb3 Be6 11.Qb2 f6 12.Rb1 b6 13.c4
Bh3 14.c5 Bxg2 15.Kxg2 Nge7 16.a4 Na5 17.Be3 Nec6 18.cxb6 cxb6
19.Rfc1 Qb7 20.Bd2 Kb8 21.Kg1 Rhe8 22.Rc2 Ka8 23.Rbc1 Re7 24.Qb5
Red7 25.Qb2 1/2-1/2

[Event "Washington Class Championships"]
[Site "Lynnwood, WA"]
[Date "2013.11.30"]
[Round "3"]
[White "Ma Kenneth  (WA)"]
[Black "Newstead Brumas  (WA)"]
[Result "0-1"]
[WhiteElo "1065"]
[BlackElo "1510"]
[Annotator ""]
[Source ""]
[Remark "D"]

1.e4 e5 2.Nf3 Nc6 3.d4 exd4 4.Nxd4 Nf6 5.Nc3 Bb4 6.f3 O-O 7.Bc4
d5 8.Nxc6 bxc6 9.exd5 cxd5 10.Bb5 d4 11.a3 Ba5 12.b4 Qe7+ 13.Ne2
Bxb4+ 14.Kf1 Ba5 15.Nxd4 Rd8 16.Bb2 Bb7 17.Qe2 Qd6 18.Rd1 c5
19.c3 cxd4 20.Rxd4 Qc7 21.Rxd8+ Rxd8 22.Qe3 Bb6 23.Qe2 Qc5 24.Ba4
Rd1+ 0-1

[Event "Washington Class Championships"]
[Site "Lynnwood, WA"]
[Date "2013.11.30"]
[Round "3"]
[White "Davis Frederick  (WA)"]
[Black "Brusniak Benjamin  (WA)"]
[Result "1/2-1/2"]
[WhiteElo "1803"]
[BlackElo "1669"]
[Annotator ""]
[Source ""]
[Remark "A"]

1.e4 e6 2.d4 d5 3.Nc3 Nf6 4.e5 Nfd7 5.f4 a6 6.Nf3 c5 7.Be3 Nc6
8.Qd2 Be7 9.Be2 Qc7 10.O-O O-O 11.Nd1 ( 11.Rae1 f5 12.a3 b5 13.Kh1
Kh8 14.dxc5 Nxc5 15.Nd4 Bd7 16.Nxc6 Bxc6 17.Bd4 Rab8 18.Qe3 Be8
19.b4 Nd7 20.Rb1 Nb6 21.Bxb6 Rxb6 22.Rfc1 g5 23.g3 gxf4 24.gxf4
d4 25.Qxd4 Bc6+ 26.Kg1 Rg8+ 27.Kf2 Bh4+ 28.Ke3 Rd8 29.Qc5 Be7
30.Nxb5 Bxc5+ {0-1, Biemann H - Geveke Michael (GER) 2277, Cattolica (Italy) 1992}
) cxd4 12.Nxd4 Nxd4 13.Bxd4 Nc5 14.c3 Ne4 15.Qe3 f6 16.Bd3 f5
17.Nf2 Bc5 18.Bxe4 Bxd4 19.Qxd4 dxe4 20.Rfd1 b5 21.Rd2 Bb7 22.Rad1
Bd5 23.b3 Rfc8 24.Rc1 Qc5 25.Nd1 Qxd4+ 26.Rxd4 Rc5 27.Kf2 Kf7
28.Rd2 Rac8 29.Rdc2 Ke7 30.Rd2 Kf7 1/2-1/2

[Event "Washington Class Championships"]
[Site "Lynnwood, WA"]
[Date "2013.11.30"]
[Round "3"]
[White "Mathews Dan  (WA)"]
[Black "Hendricks David  (WA)"]
[Result "1/2-1/2"]
[WhiteElo "1752"]
[BlackElo "1693"]
[Annotator ""]
[Source ""]
[Remark "B"]

1.e4 c5 2.Nf3 Nc6 3.Be2 g6 4.d3 Bg7 5.c3 d6 6.Be3 Nf6 7.h3 a6
8.Nbd2 b5 9.O-O O-O 10.d4 c4 11.d5 Na5 12.a4 Nd7 13.axb5 axb5
14.Bd4 Nc5 15.Bxg7 Kxg7 16.Nd4 Qb6 17.Nc6 e6 18.Nxa5 Rxa5 19.Rxa5
Qxa5 20.Qa1 Qb6 21.b4 cxb3 22.c4+ Kg8 23.cxb5 exd5 24.exd5 Bb7
25.Bc4 Ra8 26.Qd4 Qa5 27.Rb1 Qa2 28.Qb2 Qa4 29.Rc1 Qa2 30.Qxa2
bxa2 31.Ra1 Nd7 32.Rxa2 Rxa2 33.Bxa2 Nb6 34.Ne4 Bxd5 35.Bxd5
Nxd5 36.Nxd6 Kf8 37.f3 Ke7 38.Nc4 Kd7 39.Kf2 Ke6 40.g3 Nc3 41.Na3
Kd6 42.Ke3 Kc5 43.b6 Nd5+ 44.Ke4 Nxb6 45.f4 Nd7 46.g4 Kb4 47.Nc2+
Kc3 48.Ne3 Nc5+ 1/2-1/2

[Event "Washington Class Championships"]
[Site "Lynnwood, WA"]
[Date "2013.11.30"]
[Round "3"]
[White "He Daniel  (WA)"]
[Black "Roper David  (WA)"]
[Result "1-0"]
[WhiteElo "2206"]
[BlackElo "2228"]
[Annotator ""]
[Source ""]
[Remark "Master"]

1.Nf3 f5 2.g3 Nf6 3.Bg2 g6 4.O-O d6 5.d3 Bg7 6.c4 O-O 7.Nc3 e5
8.Rb1 Nc6 9.b4 a6 10.a4 h6 11.b5 axb5 12.axb5 Ne7 13.Bb2 Be6
14.Ra1 Rc8 15.Ra7 b6 16.Ne1 g5 17.Nc2 f4 18.Nb4 Nf5 19.Nbd5 fxg3
20.fxg3 Ng4 21.Qd2 e4 22.Nxe4 Bxb2 23.Qxb2 Bxd5 24.cxd5 Nge3
25.Rf3 Kh7 26.Qd2 Ra8 27.Ra6 Nxg2 28.Kxg2 g4 29.Rf4 Rxa6 30.bxa6
h5 31.Rf1 Kg6 32.Kg1 Qe7 33.Qf4 1-0

[Event "Washington Class Championships"]
[Site "Lynnwood, WA"]
[Date "2013.11.30"]
[Round "3"]
[White "Haining Breck  (WA)"]
[Black "Thakur Eamon  (WA)"]
[Result "1-0"]
[WhiteElo "1414"]
[BlackElo "1213"]
[Annotator ""]
[Source ""]
[Remark "D"]

1.e4 c5 2.Nf3 Nc6 3.c3 g6 4.d4 cxd4 5.cxd4 Bg7 6.Be2 Qb6 7.e5
Qa5+ 8.Nc3 Nh6 9.O-O O-O 10.d5 Nb4 11.a3 Na6 12.Bf4 Qb6 13.b4
d6 14.Qd2 Ng4 15.exd6 exd6 16.Na4 Qc7 17.Rac1 Qd7 18.h3 Qxa4
19.hxg4 Bxg4 20.Bxd6 Rfd8 21.Be5 Bxf3 22.Bxg7 Bxe2 23.Qd4 Rd6
24.Rfe1 Qxa3 25.Bh6 f6 26.Rxe2 Qxb4 27.Qe3 Rb6 28.Rec2 Qd6 29.g3
Kf7 30.Bf4 Qb4 31.d6 Rd8 32.Qe7+ Kg8 33.Qxd8+ Kg7 34.Qe7+ Kg8
35.Rc8# 1-0

[Event "Washington Class Championships"]
[Site "Lynnwood, WA"]
[Date "2013.11.30"]
[Round "3"]
[White "Omori Michael  (WA)"]
[Black "Norovsambuu Badamkhand  (WA)"]
[Result "1-0"]
[WhiteElo "2179"]
[BlackElo "2080"]
[Annotator ""]
[Source ""]
[Remark "Master"]

1.e4 c6 2.d4 d5 3.exd5 cxd5 4.c4 Nf6 5.Nc3 Nc6 6.Bg5 e6 7.c5
Be7 8.Nf3 Ne4 9.Bxe7 Kxe7 10.Bd3 Nxc3 ( 10...Nxc3 11.bxc3 Qa5
12.Qc1 h6 13.O-O b6 14.a4 bxc5 15.Bb5 Qc7 16.Qa3 Bd7 17.Rfe1
a6 18.Bf1 Rhd8 19.c4 Nb4 20.Rac1 Qa5 21.dxc5 Qxa4 22.Qb2 a5 23.Qxg7
Rg8 24.Qxh6 dxc4 25.Rxc4 Bb5 26.Rxe6+ Kd8 27.Qf6+ {1-0, Bezemer Arno (NED) 2346 - Kelder Sjoerd, Vlissingen (Netherlands) 2006.08.05}
) 11.bxc3 b6 12.Qa4 Bd7 13.Qa3 Kf6 14.O-O g6 15.Bb5 bxc5 16.Bxc6
Bxc6 17.Qxc5 Qb6 18.Qd6 Rab8 19.Ne5 Rhc8 20.Ng4+ Kg7 21.Qe5+
Kf8 22.Qh8+ Ke7 23.Qxh7 Qd8 24.Ne5 Be8 25.Nxg6+ Kd6 26.Ne5 f6
27.Ng4 Qe7 28.Qh6 f5 29.Qf4+ Kd7 30.Ne5+ Kd8 31.c4 dxc4 32.Nxc4
Bc6 33.Nd6 Rc7 34.Rab1 Ra8 35.Rfc1 Qg7 36.f3 Bd5 37.a3 a5 38.Rxc7
Qxc7 39.Rc1 Qb6 40.h4 Kd7 41.Nf7 Rg8 42.Ne5+ Kd8 43.h5 Qb2 44.Qh4+ 1-0

[Event "Washington Class Championships"]
[Site "Lynnwood, WA"]
[Date "2013.11.30"]
[Round "3"]
[White "Whitmer Audrey  (WA)"]
[Black "Beck Alec  (WA)"]
[Result "1-0"]
[WhiteElo "1019"]
[BlackElo "1113"]
[Annotator ""]
[Source ""]
[Remark "D"]

1.e4 e6 2.d4 d5 3.Nc3 Nf6 4.Bg5 Be7 5.e5 Ng8 6.Bf4 c5 7.Nf3
( 7.dxc5 Bxc5 8.Qg4 Kf8 9.O-O-O Nc6 10.Nf3 Bxf2 11.Ng5 Nh6 12.Qf3
Bd4 13.Rxd4 Nxd4 14.Qh5 Qc7 15.Bd3 f5 16.Be3 Qxe5 17.Re1 Bd7
18.Bb5 Bc6 19.Qh4 Ng4 20.Bxd4 Qf4+ 21.Be3 Qxh2 22.Nxe6+ Kf7 23.Qg5
Qe5 24.Bd2 Qf6 25.Qh5+ g6 26.Qh1 Nf2 27.Qh2 Ne4 28.Nxe4 dxe4
29.Bc4 b5 30.Bb3 {1-0, Ivanovic Bozidar (SCG) 2444 - Bednarski Jacek B (POL) 2400, Balashiha (Russia) 1977}
) Nc6 8.Bb5 Bd7 9.Be3 c4 10.O-O Qb6 11.h3 Bb4 12.Bxc6 Bxc6 13.Bd2
Ne7 14.Rb1 Nf5 15.a3 Be7 16.Be3 O-O 17.Qd2 Rac8 18.g4 Nxe3 19.Qxe3
Bd7 20.Kh1 f6 21.Rg1 fxe5 22.Nxe5 Bc6 23.g5 Bd6 24.g6 h6 25.Ng4
Bf4 26.Qxe6+ Kh8 27.Ne3 Qxd4 28.Ne2 Qc5 29.Nxf4 Rxf4 30.Qxc8+
Rf8 31.Qg4 d4+ 32.Ng2 d3 33.cxd3 cxd3 34.Rbd1 Bf3 35.Rc1 Qd5
36.Rc8 Qd6 37.Rxf8+ Qxf8 38.Qd4 Qe8 39.Qxd3 Be4 40.Qg3 Qc8 41.Kh2
Qe8 42.Nf4 Bc6 43.Qe3 Qb8 44.Rd1 Kg8 45.Qb3+ Kh8 46.Qf7 a6 47.Kg1
Qc8 48.Ne6 Qxe6 49.Rd8+ Be8 50.Qxe8+ Qxe8 51.Rxe8# 1-0

[Event "Washington Class Championships"]
[Site "Lynnwood, WA"]
[Date "2013.11.30"]
[Round "3"]
[White "Collyer Curt  (WA)"]
[Black "Lapid Shafriri Gil  (WA)"]
[Result "1-0"]
[WhiteElo "2295"]
[BlackElo "2201"]
[Annotator ""]
[Source ""]
[Remark "Master"]

1.d4 d5 2.c4 e6 3.Nc3 c5 4.cxd5 exd5 5.Nf3 Nc6 6.g3 Nf6 7.Bg2
Be7 8.O-O O-O 9.Bg5 c4 10.Ne5 Be6 11.Qd2 h6 12.Bxf6 Bxf6 13.f4
Ne7 14.Rad1 Qb6 15.e3 Rad8 16.Qe2 Bxe5 17.fxe5 Rd7 18.Rf2 Rdd8
19.Rdf1 Qc6 20.Qh5 Qd7 21.h3 b5 22.g4 b4 23.Ne2 Rc8 24.g5 g6
25.Qxh6 Nf5 26.Rxf5 Bxf5 27.Rf4 f6 28.Rxf5 gxf5 29.Nf4 c3 30.bxc3
bxc3 31.exf6 Rc7 32.Qg6+ Kh8 33.Qh6+ Kg8 34.Nxd5 c2 35.Ne7+ Qxe7
36.Bd5+ Rf7 37.Qg7# 1-0

[Event "Washington Class Championships"]
[Site "Lynnwood, WA"]
[Date "2013.11.30"]
[Round "3"]
[White "Rajagopal Maneesh  (WA)"]
[Black "Smith Andrew  (WA)"]
[Result "0-1"]
[WhiteElo "1117"]
[BlackElo "1161"]
[Annotator ""]
[Source ""]
[Remark "D"]

1.d4 Nf6 2.c4 e6 3.Nc3 Bb4 4.Qc2 Nc6 5.e3 O-O 6.Bd3 b6 7.Bd2
( 7.a3 Be7 8.Nf3 h6 9.O-O Bb7 10.e4 d5 11.e5 Ne8 12.cxd5 exd5
13.Bf4 a6 14.Ne2 b5 15.Ng3 Bg5 16.Bxg5 hxg5 17.h3 g6 18.Qd2 Ng7
19.Rad1 Ne6 20.Ne2 f5 21.exf6 Qxf6 22.Bc2 Rae8 23.Nh2 Nf4 24.Nxf4
Qxf4 25.Bxg6 Re7 26.Ng4 Kg7 27.Bb1 Qxd2 28.Rxd2 Na5 29.Ne3 Nb3
30.Rd3 Na5 31.Rc3 c6 32.Nf5+ Rxf5 33.Bxf5 Nc4 34.Rc2 Kf6 35.g4
Nd6 36.Bd3 Nc4 37.Ra1 Nd6 38.b3 Ne8 39.Re2 Rxe2 40.Bxe2 Ng7 41.Rd1
Ne6 42.Rd2 Nf4 43.Kh2 Ke7 44.Kg3 Ne6 45.Bd1 Kf6 46.Bc2 c5 47.dxc5
Nxc5 48.f4 gxf4+ 49.Kxf4 Ne6+ 50.Kg3 a5 51.h4 b4 52.axb4 axb4
53.Rf2+ Kg7 54.g5 Bc6 55.Kg4 Nd4 56.h5 Bd7+ 57.Kh4 Be6 58.h6+
Kg8 59.Kh5 Nxc2 60.Rxc2 Bf5 61.Rc5 Be4 62.g6 Kf8 63.Rc8+ Ke7
64.g7 Bh7 65.g8Q Bxg8 66.Rxg8 {1-0, Andrews Neil - Dennison Jerry, Stillwater (USA) 2005.02.21}
) Bb7 8.f3 Re8 9.Nge2 Ne7 10.e4 d6 11.O-O Ng6 12.Rae1 e5 13.d5
Bc5+ 14.Kh1 Nh5 15.g3 Bc8 16.Ng1 Bxg1 17.Kxg1 Bh3 18.Rf2 Qd7
19.Bf1 Bxf1 20.Rfxf1 f6 21.Ne2 Rf8 22.f4 f5 23.fxe5 fxe4 24.e6
Qe7 25.Qxe4 Ne5 26.b3 Rf6 27.g4 Nxg4 28.Qxg4 Rg6 29.Bg5 Rxg5
30.Qxg5 Qxg5+ 31.Kh1 Rf8 32.Rg1 Qf5 33.Ng3 Qf3+ 34.Rg2 Nf4 35.Rf1
Qxg2# 0-1

[Event "Washington Class Championships"]
[Site "Lynnwood, WA"]
[Date "2013.11.30"]
[Round "3"]
[White "Smith Claire  (WA)"]
[Black "Huang Ethan  (WA)"]
[Result "0-1"]
[WhiteElo "205"]
[BlackElo "555"]
[Annotator ""]
[Source ""]
[Remark "U 1000"]

1.d4 d5 2.Bf4 Nf6 3.Nf3 Bg4 4.c3 Nc6 5.Qb3 Rb8 6.Ne5 e6 7.e3
Bf5 8.Nxc6 bxc6 9.Qa4 Rxb2 10.Qxc6+ Qd7 11.Qxd7+ Kxd7 12.c4 {??}
Rxb1+ 13.Rxb1 Bxb1 14.c5 Bxa2 15.Be2 Be7 16.O-O Ra8 17.Rc1 a5
18.h3 a4 19.Bb5+ Kc8 20.Bc6 Ra7 21.Ra1 a3 {??} 22.Rxa2 h6 23.g4
Ra6 24.Bb5 Ra5 25.Bc6 Ra6 26.Bb5 Ra5 27.Bd3 Kd7 28.f3 Ra7 29.h4
Nh7 {??} 30.Bxh7 Bxh4 31.e4 dxe4 32.Bxe4 Bf6 33.Be3 Ra4 34.Bd3
c6 35.f4 Bxd4 36.Bxd4 Rxd4 37.Rxa3 Rxf4 38.Ra7+ Kc8 39.Ba6+ Kd8
40.Bb7 Rxg4+ 41.Kf2 Rc4 42.Ra5 Kc7 43.Ba6 Rb4 44.Ke3 g5 45.Be2 0-1

[Event "Washington Class Championships"]
[Site "Lynnwood, WA"]
[Date "2013.11.30"]
[Round "3"]
[White "Kalina Chris  (MN)"]
[Black "Bragg David  (WA)"]
[Result "0-1"]
[WhiteElo "2131"]
[BlackElo "2200"]
[Annotator ""]
[Source ""]
[Remark "Master"]

1.d4 Nf6 2.Nf3 b6 3.b3 Bb7 4.e3 e6 5.Bb2 d6 6.Be2 Nbd7 7.O-O
h6 8.c4 g5 9.Nbd2 Bg7 10.Qc2 Qe7 11.a4 a5 12.Rfd1 e5 13.dxe5
dxe5 14.Qf5 e4 15.Nd4 Nc5 16.Qh3 Bc8 17.Nf5 Bxf5 18.Qxf5 O-O
19.Rab1 Rfe8 20.Bd4 Ne6 21.Bxf6 Qxf6 22.Qxf6 Bxf6 23.Nxe4 Bg7
24.Bf3 Rab8 25.Rd7 Nf8 26.Rxc7 g4 27.Bxg4 Rxe4 28.Bf3 Ree8 29.Rd1
Ne6 30.Ra7 Nc5 31.Bd5 Rf8 32.Rb1 Bc3 33.Kf1 Kg7 34.Ke2 Bb4 35.Kd1
Rbd8 36.Kc2 Kg6 37.Rd1 f5 38.Rd4 Rd7 39.Rxd7 Nxd7 40.Bf3 Ne5
41.Bd1 Be7 42.h3 Rd8 43.Be2 Nc6 44.Rxd8 Bxd8 45.Kd3 Bf6 46.e4
f4 47.Bd1 Bd4 48.Ke2 Kf6 49.Kf3 Ke5 50.g4 Bc5 51.h4 Be7 0-1

[Event "Washington Class Championships"]
[Site "Lynnwood, WA"]
[Date "2013.11.30"]
[Round "3"]
[White "Wilson Diallo  (WA)"]
[Black "Low Ethan  (CAN)"]
[Result "1-0"]
[WhiteElo "1730"]
[BlackElo "1496"]
[Annotator ""]
[Source ""]
[Remark "B"]

1.e4 c5 2.Nc3 e6 3.f4 Qc7 4.d3 d6 5.Nf3 Nd7 6.Be2 a6 7.a4 Ngf6
8.O-O Be7 9.Qe1 O-O 10.f5 b6 11.fxe6 fxe6 12.Ng5 Ne5 13.Qg3 Nf7
14.Qh4 Nxg5 15.Bxg5 Bd7 16.Rf3 Be8 17.Raf1 Bg6 18.Qh3 Qc8 19.R3f2
Ra7 20.Bg4 Bf7 21.Nd5 Nxg4 22.Nxe7+ Rxe7 23.Qxg4 Ree8 24.Bf6
Bg6 25.Bg5 Rxf2 26.Rxf2 e5 27.Qxc8 Rxc8 28.Be7 h6 29.Bxd6 Re8
30.a5 b5 31.Bxc5 Bh5 32.h3 Bd1 33.g4 Rc8 34.b4 Kh7 35.Rd2 Bf3
36.Kf2 Bh1 37.Rd1 Bxe4 38.dxe4 Rc7 39.Rd6 Rf7+ 40.Ke3 Rf1 41.Rxa6
Rh1 42.Rd6 Rxh3+ 43.Kd2 Ra3 44.a6 Kg8 45.Rd8+ Kf7 46.a7 1-0

[Event "Washington Class Championships"]
[Site "Lynnwood, WA"]
[Date "2013.11.30"]
[Round "3"]
[White "Whitmer Catherine  (WA)"]
[Black "Chandrasekar Siddharth  (WA)"]
[Result "1-0"]
[WhiteElo "734"]
[BlackElo "889"]
[Annotator ""]
[Source ""]
[Remark "E"]

1.e4 e5 2.Nf3 Nc6 3.Nc3 Bc5 4.Nxe5 Qf6 5.Nf3 d6 6.Nd5 Qd8
( 6...Qd8 7.d4 Bb6 8.Nxb6 axb6 9.Be2 Qf6 10.Be3 Nge7 11.O-O Qg6
12.Nd2 d5 13.Bf3 dxe4 14.Nxe4 Bf5 15.Qd3 Nd5 16.c3 O-O 17.Bd2
Rfe8 18.Rfe1 Nf6 19.Nxf6+ Qxf6 20.Be4 Bxe4 21.Rxe4 h6 22.a3 Ne7
23.Rae1 Rad8 24.Bf4 c5 25.Qe3 cxd4 26.cxd4 Rd7 27.h3 Kh7 28.Qd3
g6 29.Qd2 Qg7 30.d5 Rxd5 31.Qe3 Nf5 32.Qxb6 Rxe4 33.Rxe4 Rd1+
34.Kh2 g5 35.Be5 Qg6 36.Qxb7 Nh4 37.Qb8 Qg8 38.Qxg8+ Kxg8 39.Bc3
Nf5 40.Re8+ Kh7 41.Rb8 Nd6 42.Rd8 Kg6 43.Bb4 Kf6 44.Rxd6+ Rxd6
45.Bxd6 Ke6 46.Bb4 Kd5 47.Kg3 h5 48.h4 f6 49.Bc3 g4 50.Kf4 Ke6
51.a4 Kd6 52.Bxf6 Kc5 53.Kg5 Kd5 54.Kxh5 {1-0, Rade Helena (CRO) - Mrak Martina (CRO), Pula (Croatia) 2001}
) 7.d4 Bb6 8.Bb5 Nf6 9.Bg5 Bd7 10.c3 a6 11.Ba4 h6 12.e5 dxe5
13.dxe5 Nxe5 14.Nxe5 Bxa4 15.Qxa4+ c6 16.Nxb6 Qxb6 17.Be3 Qxb2
18.O-O Qxc3 19.Bd4 Qd2 20.Nxc6 b5 21.Rfe1+ Kd7 22.Ne5+ Kd6 23.Qa3+
b4 24.Nc4+ Kd5 25.Nxd2 ( 25.Qa5+ Kxc4 26.Qc5+ Kd3 27.Rad1 Rae8
28.Rxd2+ Kxd2 29.Qxb4+ Kc2 ( 29...Kd3 30.Qc3# ) 30.Qc3# ) bxa3
26.Bb6 Nd7 27.Rab1 Rhc8 28.Red1 Rab8 29.Nf3+ Ke6 30.Re1+ Kd6
31.Rbd1+ Kc6 32.Ba5 Rb2 33.Nd4+ Kb7 34.Rb1 Nc5 35.Rxb2+ axb2
36.Rb1 Nd3 37.Ne2 Rc1+ {??} ( 37...Rc2 ) 38.Nxc1 Ka7 39.Nxd3
g6 40.Rxb2 f5 41.Rb6 g5 42.Rxh6 f4 43.Nxf4 ( 43.Bb6+ Ka8 44.Nc5
g4 45.Rh8# ) gxf4 44.g3 fxg3 45.fxg3 Kb7 46.g4 Ka7 47.g5 Kb7
48.g6 Kc6 49.g7+ Kb7 50.g8Q Ka7 51.Qe6 ( 51.Rh7# ) Kb7 52.Rh7+
Ka8 53.Qe8# 1-0